000 00301nam a2200133 i 4500
001 bg
100 1 _aLEŚ, Z.
245 0 _aWstęp do spektroskopii atomowej /
_cZ. Leś.
260 _aWarszawa,
_c1969.
040 _cBPK
041 _apol
942 _cKS
008 s pl f |000 0 pol
999 _c10518
_d10518
856 _uhttp://koha.tu.koszalin.pl/cgi-bin/koha/opac-detail.pl?biblionumber=10518
_yKatalog online BPK